000 00825na a2200253 4500
001 24567
003 MIRAKIL
005 20181213155336.0
008 181206b tu 000 0
020 _a9758454412
040 _aMilas
_btur
_cTR-AnCHP
041 _atur
082 _a923.2
_bP64b 2002
090 _a923.2 P64b 2002
100 _aPolat, Nazım H.
245 _aBir Jöntürk'ün serüveni
_bDr. Şerafettin Mağmumi hayatı ve eserleri
_cNazım H. Polat
246 _aDr. Şerafettin Mağmumi hayatı ve eserleri
260 _aİstanbul
_bBüke Yayınları
_c2002
_fAydoğan Matbaası
300 _a253 s.
_bres.
_c20 sm.
504 _aKaynakça ve dizin var.
600 _aMağmumi, Şerafettin
_d1869-1927
_xYaşamöyküsü
740 _aDr. Şerafettin Mağmumi hayatı ve eserleri
942 _2dcc
_cBKS
999 _c10891
_d10891